书目信息 |
| 题名: |
组合音响检修200例
|
|
| 作者: | 胡斌 编著 | |
| 分册: | ||
| 出版信息: | 北京 国防工业出版社 1987.03 |
|
| 页数: | 161页 | |
| 开本: | 16开 | |
| 丛书名: | 家用电器维修实例丛书 | |
| 单 册: | ||
| 中图分类: | TN912.271 | |
| 科图分类: | ||
| 主题词: | 音频设备--检修 | |
| 电子资源: | ||
| ISBN: | 7-118-01627-6 | |
| 000 | 00637nam0 2200217 45 | |
| 001 | 0110061681 | |
| 005 | 20031219104051.0 | |
| 010 | @a7-118-01627-6@dCNY13.60 | |
| 100 | @a20011006d1987 km y0chiy0120 ea | |
| 101 | 0 | @achi |
| 105 | @a z 000yy | |
| 200 | 1 | @a组合音响检修200例@AZu He Yin Xiang Jian Xiu 200 Li@f胡斌编著@FHu Bin Bian Zhu |
| 210 | @a北京@c国防工业出版社@d1987.03 | |
| 215 | @a161页@d16开 | |
| 225 | @a家用电器维修实例丛书 | |
| 410 | @12001 @a家用电器维修实例丛书 | |
| 606 | 0 | @a音频设备@x检修 |
| 690 | @aTN912.271@v4 | |
| 701 | @a胡斌@4编著 | |
| 801 | @aCN@bTSTC@c20011006 | |
| 905 | @f2@b299322-323@dTN912.271@e38 | |
| 组合音响检修200例/胡斌编著.-北京:国防工业出版社,1987.03 |
| 161页;16开.-(家用电器维修实例丛书) |
| ISBN 7-118-01627-6:CNY13.60 |
| ● |
| 相关链接 |
|
|
|
|
正题名:组合音响检修200例
索取号:TN912.271/38
 
预约/预借
| 序号 | 登录号 | 条形码 | 馆藏地/架位号 | 状态 | 备注 |
| 1 | 0299322 | 202993225 | 第三借阅区/ [索取号:TN912.271/38] | 在馆 | |
| 2 | 0299323 | 202993234 | 第二样本阅览室/ [索取号:TN912.271/38] | 在馆 |